000 00319nam a22001337a 4500
003 SGT
020 _a9781032644943
082 _a616.07
_bHUB
100 _aHUBER LUDWIG
245 _aVALIDATION AND QUALIFICATION IN ANALYTICAL LABORATORIES
260 _aUSA
_bCRC PRESS PUB
_c2025
300 _a303
942 _2ddc
_cBK
999 _c34501
_d34501